000 00492nam a22001697a 4500
003 NUST - PNEC
005 20170116180858.0
008 150831b xxu||||| |||| 00| 0 eng d
020 _a007707310x
040 _cLIBRARY
082 _a624.171 NAS
100 _96141
_aNaschie El
245 _aStress, stability, and chaos in structural engineering : an energy approach
_cM. S El Naschie
260 _cc.1990
650 _96142
_aStructural analysis (Engineering)
_xEE, EL
942 _2ddc
_cBK
999 _c64878
_d64878